Statistics for Famous People who Died from Drowning

Click here to take the quiz!

General Stats

  • This quiz has been taken 103 times
  • The average score is 6 of 15

Answer Stats

DiedHintPerson% Correct
2012One of the bestselling music artists of all time and star of The BodyguardWhitney Houston
81%
1916Mystic who was shot, stabbed, poisoned, and drownedGrigori Rasputin
79%
1981Actress in Rebel Without a Cause and West Side StoryNatalie Wood
63%
1983Co-founder and drummer of the Beach BoysDennis Wilson
53%
2012Victim of police brutality on March 3, 1991Rodney King
53%
1941Writer of Mrs Dalloway and A Room of One's OwnVirginia Woolf
52%
1979"Angel of Death" who performed deadly experiments on Auschwitz prisonersJosef Mengele
49%
1822Romantic poet of "Ozymandias" and Prometheus UnboundPercy Bysshe Shelley
42%
2018Singer of the CranberriesDolores O’Riordan
40%
1969Founder and guitarist of the Rolling StonesBrian Jones
32%
1997His notable songs include "Last Goodbye" and a cover of "Hallelujah"Jeff Buckley
32%
1967The 17th prime minister of AustraliaHarold Holt
21%
1500Portuguese explorer, first to round the southern tip of AfricaBartolomeu Dias
18%
2004Known for autobiographical monologues like Swimming to CambodiaSpalding Gray
8%
1970Avant-garde jazz saxophonist of Spiritual Unity (friend of Coltrane)Albert Ayler
7%

Score Distribution

Percentile by Number Answered

Percent of People with Each Score

Your Score History

You have not taken this quiz